• 首页
  • 本馆介绍
  • 公告通知
  • 最新文献
  • 馆藏检索
  • 电子资源
  • 读者导购
  • 参考咨询
  • 我的图书馆
  • 登录
  • 详细信息显示
  • 放入我的书架
  • 预约/预借图书
  • 作者相关作品
  • 分类相关作品
  • 丛书相关作品
  • 出版社相关作品

书目信息

  • 表格格式
  • 工作单格式
  • 卡片格式
题名:
现代电力系统分析理论与方法
    
 
作者: 刘天琪 主编 ;邱晓燕 , 李华强 编写
分册:  
出版信息: 北京   中国电力出版社  2007
页数: 275页
开本: 26cm
丛书名:
单 册:
中图分类: TM711
科图分类:
主题词: 电力系统--分析--高等教育--教材 , 电力系统
电子资源:
ISBN: 978-7-5083-5964-9
000 01017nam0 2200277 45
001 1338863453
005 20130514151925.75
010    @a978-7-5083-5964-9@dCNY28.60
100    @a20130108d2007 em y0chiy0110 ea
101 0  @achi
102    @aCN@b110000
105    @ay z 000yy
106    @ar
200 1  @a现代电力系统分析理论与方法@AXian Dai Dian Li Xi Tong Fen Xi Li Lun Yu Fang Fa@f刘天琪主编@FLiu Tian Qi Zhu Bian@g邱晓燕,李华强编写
210    @a北京@c中国电力出版社@d2007
215    @a275页@d26cm
300    @a普通高等教育“十一五”规划教材
330    @a本书分为十章,主要内容包括电力系统潮流计算、电力系统最优潮流、高压直流输电及柔性输电系统、电力系统安全分析、电力系统故障分析、发电机和负荷的动态模型等。
606 0  @a电力系统@x分析@x高等教育@j教材
606 0  @a电力系统
690    @aTM711@v5
701  0 @a刘天琪@ALiu Tian Qi@4主编
702  0 @a邱晓燕@AQiu Xiao Yan@4编写
702  0 @a李华强@ALi Hua Qiang@c(女,@4编写
801    @aCN@bTANGWEI@c20130108
905    @b0828836-40@dTM711@e33@f5
    
    现代电力系统分析理论与方法/刘天琪主编/邱晓燕,李华强编写.-北京:中国电力出版社,2007
    275页;26cm
    普通高等教育“十一五”规划教材
    
    ISBN 978-7-5083-5964-9:CNY28.60
    本书分为十章,主要内容包括电力系统潮流计算、电力系统最优潮流、高压直流输电及柔性输电系统、电力系统安全分析、电力系统故障分析、发电机和负荷的动态模型等。
●
相关链接 在E读中查询图书 在五车中查询图书 在当当中查询图书 在豆瓣中查询图书


正题名:现代电力系统分析理论与方法     索取号:TM711/33         预约/预借

序号 登录号 条形码 馆藏地/架位号 状态 备注
1 0828836   208288360   第二样本阅览室/ [索取号:TM711/33] 在馆    
2 0828837   208288379   第三借阅区/ [索取号:TM711/33] 在馆    
3 0828838   208288388   第三借阅区/ [索取号:TM711/33] 在馆    
4 0828839   208288397   第三借阅区/ [索取号:TM711/33] 在馆    
5 0828840   208288404   第三借阅区/ [索取号:TM711/33] 在馆    
唐山师范学院图书馆 欢迎您!
大连网信软件有限公司© 版权所有